LEADER 00834nam0 2200241 450 001 000022728 005 20090209131323.0 100 $a20090209d1989----km-y0itay50------ba 101 0 $aita 102 $aIT 105 $ay-------001yy 200 1 $aMatematica e fisica con il Lotus 1-2-3$fStefano Schacherl 210 $aBologna$cPatron$d1989 215 $aX, 165 p.$d24 cm 500 10$aMatematica e fisica con il Lotus 1-2-3$945808 610 1 $aMicroelaboratori elettronici$aProgramma Lotus 1-2-3 676 $a005.369$v20$9Programmi per microelaboratori digitali. Programmi specifici. 700 1$aSchacherl,$bStefano$4070$0632993 801 0$aIT$bUNIPARTHENOPE$c200900209$gRICA$2UNIMARC 912 $a000022728 951 $aS 511/8$bS 566$cDSA$d2009 996 $aMatematica e fisica con il Lotus 1-2-3$945808 997 $aUNIPARTHENOPE LEADER 00817nam0 2200277 450 001 000001767 005 20080710152951.0 010 $a88-02-04670-0 100 $a20000925d1995----km-y0itay50------ba 101 0 $aita 102 $aIT 200 1 $aEcologia vegetale$f[Sandro Pignatti (ed.)]$gG. Avena, C. Blasi, F. Caporali...[et al.] 210 $aTorino$cUTET$d1995 215 $aXIV, 531 p.$cill.$d27 cm 307 $aSeguono: schede 610 1 $aEcologia vegetale 676 $a581.5 701 1$aAvena,$bGiancarlo$0429745 701 1$aBlasi,$bCarlo$011078 701 1$aCaporali,$bFabio$075991 702 1$aPignatti,$bSandro 801 0$aIT$bUNIPARTHENOPE$gRICA$2UNIMARC 912 $a000001767 951 $cPIST$aP1 574-E/3$b31670$d20000927 996 $aEcologia vegetale$91223196 997 $aUNIPARTHENOPE